English Premier League Teams on a Map - Statistics

General Stats
  • This quiz has been taken 1,477 times
    1,362 since last reset
  • The average score is 17 of 20
Answers on the Map
Answers color-coded by a green-red scale on the quiz's map according to % correct below.
 
Answer Stats
Team % Correct
Liverpool
98%
Manchester City
98%
Manchester United
98%
Arsenal
96%
Chelsea
95%
Tottenham Hotspur
94%
Everton
90%
Newcastle United
90%
West Ham United
86%
Aston Villa
85%
Brighton & Hove Albion
85%
Wolverhampton Wanderers
82%
Crystal Palace
81%
Leicester City
80%
Southampton
80%
Leeds United
79%
Fulham
78%
Burnley
65%
Sheffield United
53%
West Bromwich Albion
53%
No matching quizzes found
Score Distribution
Percent of People with Each Score
Percentile by Number Answered
Your Score History
You have not taken this quiz since the last reset